Use of cyclohexane in analysis by steric exclusion chromatography (Record no. 71829)
[ view plain ]
| 000 -LEADER | |
|---|---|
| fixed length control field | 00852nam a2200181Ia 4500 |
| 100 ## - MAIN ENTRY--AUTHOR NAME | |
| Personal name | Bonfils F |
| 245 #0 - TITLE STATEMENT | |
| Title | Use of cyclohexane in analysis by steric exclusion chromatography |
| 260 ## - PUBLICATION, DISTRIBUTION, ETC. (IMPRINT) | |
| Name of publisher | Rev G. Caou. Plast |
| Year of publication | 1995 |
| 300 ## - PHYSICAL DESCRIPTION | |
| Number of Pages | 74-76 |
| 500 ## - GENERAL NOTE | |
| General note | Source Year: 1996 |
| 520 ## - SUMMARY, ETC. | |
| Summary, etc | Cyclohexane was used as the elution solvent in steric exclusion chromatography (GPC) studies of the molecular weight and MWD of different NR samples. It was possible to determine the influence of various phenomena such as atmospheric UV and drying conditions on MW and MWD. The use of cyclohexane avoided blocking of the columns, a problem often encountered when using other solvents such as THF. |
| 700 ## - ADDED ENTRY--PERSONAL NAME | |
| Personal name | Achi A K |
| 700 ## - ADDED ENTRY--PERSONAL NAME | |
| Personal name | Laigneau J C |
| 700 ## - ADDED ENTRY--PERSONAL NAME | |
| Personal name | Sainte-Beuve J |
| 856 ## - ELECTRONIC LOCATION AND ACCESS | |
| Uniform Resource Identifier | IRRDB |
| 942 ## - ADDED ENTRY ELEMENTS (KOHA) | |
| Koha item type | Journals |
| Withdrawn status | Lost status | Damaged status | Not for loan | Home library | Current library | Shelving location | Date acquired | Serial Enumeration / chronology | Koha item type |
|---|---|---|---|---|---|---|---|---|---|
| Journals | RRII Library | RRII Library | Rubber chemistry | 17/12/2021 | Volume 738, Issue | Journals |